000 00800nam a22002057a 4500
999 _c92670
_d92670
005 20230720163839.0
010 _aENG-112562 ENG-137498
020 _a9789381904626
_c975.00
035 _aEN-96094 EN-121030
037 _bDBAD/PUB
082 _a327.540581
245 0 0 _aPakistan and Afghanistan :
_cedited by Kingshuk Chatterjee
_bthe (in) stability factor in India's neighbourhood /
260 _aNew Delhi
_bKW Publishers
_c2013(repr.)
270 _a4676/21, First Floor, Ansari Road, Daryaganj,
_bNew Delhi
_e110002
300 _aiv,179p. :
_c24cm(Hb)
_bill.
500 _a Includes bibliographical references.
520 _aPapers presented at a seminar held at University of Calcutta in March 2012.
700 _aChatterjee, Kingshuk
942 _2ddc
_cEN
_mPAK
_h327.540581